Ahşap kusurlarından budak ve çatlaklar/ (Record no. 39220)
| 000 -BAŞLIK | |
|---|---|
| Sabit Uzunluktaki Kontrol Alanı | 01827nam a22003737a 4500 |
| 001 - KONTROL NUMARASI | |
| Control Dosyası | 0039342 |
| 003 - KONTROL NUMARASI KİMLİĞİ | |
| Kontrol Alanı | KOHA_MİRAKIL |
| 005 - EN SON İŞLEM TARİHİ ve ZAMANI | |
| Kontrol Alanı | 20260207003127.0 |
| 007 - FİZİKSEL TANIM SABİT ALAN - GENEL BİLGİ | |
| Sabit uzunluklu kontrol alanı | ta |
| 008 - SABİT UZUNLUKTAKİ VERİ ÖGELERİ - GENEL BİLGİ | |
| Sabit Alan | 130114b1962 tu a|||gr||||#||||0|tur | |
| 040 ## - KATALOGLAMA KAYNAĞI | |
| Özgün Kataloglama Kurumu | TR-BiSEU |
| Kataloglama Dili | tur |
| Çeviri Kurumu | TR-BiSEU |
| Açıklama Kuralları | rda |
| 041 0# - DİL KODU | |
| Metin ya da ses kaydının dil kodu | tur |
| 044 ## - YAYINLAYAN/ÜRETEN KURULUŞUN ÜLKE KODU | |
| ISO country code | tu |
| 050 ## - SINIFLAMA ve YER NUMARASI | |
| Sınıflama Numarası | TA422 |
| Yer Numarası | .A37 1962 |
| 245 0# - ESER ADI BİLDİRİMİ | |
| Başlık | Ahşap kusurlarından budak ve çatlaklar/ |
| Sorumluluk Bildirimi | hazırlayan İsmet Öztunalı. |
| 264 #1 - ÜRERİM, YAYIN, DAĞITIM ve TELİF BİLDİRİMİ | |
| Yayın yeri | Ankara : |
| Yayınlayan | Bayındırlık Bakanlığı |
| Yayın tarihi | 1962 |
| 300 ## - FİZİKSEL TANIMLAMA | |
| Sayfa, Cilt vb. | 77 sayfa : |
| Diğer fiziki detaylar | şekl. |
| 336 ## - İÇERİK TÜRÜ | |
| Content type term | metin |
| Content type code | txt |
| Source | rdacontent |
| 337 ## - MEDYA TÜRÜ | |
| Media type term | aracısız |
| Media type code | n |
| Source | rdamedia |
| 338 ## - TAŞIYICI TÜRÜ | |
| Carrier type term | cilt |
| Carrier type code | nc |
| Source | rdacarrier |
| 490 1# - DİZİ BİLDİRİMİ | |
| Dizi Bildirimi | T.C. |
| 490 1# - DİZİ BİLDİRİMİ | |
| Dizi Bildirimi | Bayındırlık Bakanlığı. |
| 490 1# - DİZİ BİLDİRİMİ | |
| Dizi Bildirimi | Yapı ve İmar İşleri Reisliği araştırma neşriyatı seri B sayı ; |
| Cilt Numarası | 1. |
| 500 ## - GENEL NOT | |
| Genel Not | Kaynakça var. |
| 505 ## - İÇİNDEKİLER NOTU | |
| İçindekiler Notu | Budak ve çatlaklar (giriş)...5 |
| 650 #0 - KONU BAŞLIĞI EK GİRİŞ - KONU TERİMİ | |
| Konusal terim veya coğrafi ad | Building, Wooden. |
| 9 (RLIN) | 14617 |
| 650 #0 - KONU BAŞLIĞI EK GİRİŞ - KONU TERİMİ | |
| Konusal terim veya coğrafi ad | Yapı, Ahşap. |
| 9 (RLIN) | 73193 |
| 650 #0 - KONU BAŞLIĞI EK GİRİŞ - KONU TERİMİ | |
| Konusal terim veya coğrafi ad | Yapı malzemeleri. |
| 9 (RLIN) | 1923 |
| 650 #0 - KONU BAŞLIĞI EK GİRİŞ - KONU TERİMİ | |
| Konusal terim veya coğrafi ad | Building materials. |
| 9 (RLIN) | 28607 |
| 830 1# - SERİ EK GİRİŞİ - TEKBİÇİM ESER ADI | |
| Tekbiçim Başlık | T.C. |
| 9 (RLIN) | 6297 |
| 830 1# - SERİ EK GİRİŞİ - TEKBİÇİM ESER ADI | |
| Tekbiçim Başlık | Bayındırlık Bakanlığı. |
| 9 (RLIN) | 73194 |
| 830 1# - SERİ EK GİRİŞİ - TEKBİÇİM ESER ADI | |
| Tekbiçim Başlık | Yapı ve İmar İşleri Reisliği araştırma neşriyatı seri B sayı ; |
| Volume number/sequential designation | 1. |
| 9 (RLIN) | 73195 |
| 942 ## - EK GİRİŞ ÖGELERİ (KOHA) | |
| Source of classification or shelving scheme | Library of Congress Classification |
| Koha item type | Book |
| 505 ## - İÇİNDEKİLER NOTU | |
| -- | Budakların mukavemetler üzerine tesiri...6 |
| -- | Budakların elastikiyet üzerine tesiri....8 |
| -- | Budakların sınıflandırılması...11 |
| -- | Budaklar (şekiller)...13 |
| -- | Muhtelif şekildeki Budakların enine kesitte görünüşleri (şematik)...15 |
| -- | Muhtelif budaklara ait şekiller...17-47 |
| -- | Budakların Kalite ve Çevresindeki odunla kaynaşmasına göre sınıflandırılması...49 |
| -- | Muhtelif nev'i budakların enine kesitte görünüşleri (şematik)...51 |
| -- | Muhtelif nev'i budaklara ait şekiller...53-63 |
| -- | Çatlakların sınıflandırılması...67 |
| -- | Çatlaklar (şekiller)...69-75 |
| -- | Faydalanılan neşriyat...77 |
| -- | |
| Materyal Türü | Kalıcı Konum | Mevcut Konum | Raf Yeri | Sınıflandırma Kaynağı | Edinim Bilgisi | Ana Konular | Alt Konular | Yer Numarası | Demirbaş Numarası | Fatura Tarihi | Geri Çekilme Durumu | Kayıp Durumu | Hasarlı Durumu | Kredi için değil | Kayıt Tarih | Toplam Ödünçverme | Son Görülme Tarihi | Son Kontrol Tarihi | Genel / Bağış Notu |
|---|---|---|---|---|---|---|---|---|---|---|---|---|---|---|---|---|---|---|---|
| Book | Prof. Dr. Azmi Özcan Kütüphanesi | Prof. Dr. Azmi Özcan Kütüphanesi | Birûni Salonu | Library of Congress Classification | Bağış | TEKNOLOJİ | Mühendislik (Genel), İnşaat Mühendisliği (Genel) | TA422 .A37 1962 | 0039342 | 02/02/2026 | 14/01/2013 | 05/12/2024 | 05/12/2024 | Genel Bağış |
